100 Biggest Suburbs - Statistics

General Stats
  • This quiz has been taken 52 times
  • The average score is 48 of 100
Answer Stats
Hint Answer % Correct
956,709 Fort Worth
88%
512,498 Mesa
88%
344,461 Anaheim
84%
245,600 | 394,602 Arlington
84%
305,344 Newark
81%
177,866 | 393,537 Aurora
78%
286,670 Jersey City
78%
451,307 Long Beach
78%
430,553 Oakland
78%
243,050 Scottsdale
78%
261,256 St. Petersburg
78%
280,711 Chandler
75%
183,146 Fort Lauderdale
72%
134,211 | 147,662 Pasadena
72%
289,547 Plano
72%
220,328 San Bernardino
72%
221,776 Tacoma
72%
275,346 Gilbert
69%
331,415 Henderson
69%
280,543 North Las Vegas
69%
185,950 Tempe
69%
279,170 Chula Vista
66%
252,136 Glendale
66%
313,685 Irvine
66%
308,189 Santa Ana
66%
303,176 St. Paul
66%
223,871 Fremont
63%
221,345 Santa Clarita
63%
137,107 Warren
63%
208,121 Yonkers
63%
155,525 Alexandria
59%
220,292 Hialeah
59%
194,310 Huntington Beach
59%
126,930 Santa Clara
59%
254,715 Irving
56%
149,936 Naperville
56%
150,033 Joliet
53%
194,512 Vancouver
53%
219,587 Frisco
50%
240,854 Garland
50%
232,995 Norfolk
50%
179,061 Ontario
50%
132,567 Sterling Heights
50%
152,767 Bellevue
47%
252,488 Chesapeake
47%
153,345 Kansas City
47%
156,120 Lakewood
47%
211,924 Moreno Valley
47%
197,726 Overland Park
47%
156,661 Paterson
47%
154,198 Surprise
47%
134,283 Elizabeth
44%
152,650 Hollywood
44%
201,843 Grand Prairie
41%
207,507 McKinney
41%
147,899 Mesquite
41%
184,306 Newport News
41%
136,178 Orange
41%
197,866 Peoria
41%
212,475 Fontana
38%
146,017 Pomona
38%
141,126 Torrance
38%
136,650 West Valley City
38%
150,353 Denton
34%
177,558 Elk Grove
34%
172,199 Oceanside
34%
145,616 Olathe
34%
169,876 Pembroke Pines
34%
180,388 Cary
31%
134,392 Kent
31%
129,627 Norman
31%
163,463 Palmdale
31%
176,336 Rancho Cucamonga
31%
154,817 Roseville
31%
150,270 Escondido
28%
138,037 Hampton
28%
169,185 Lancaster
28%
129,736 Meridian
28%
136,188 Stamford
28%
143,282 Thornton
28%
133,369 Coral Springs
25%
169,254 Garden Grove
25%
156,754 Hayward
25%
137,228 Miramar
25%
159,567 Corona
22%
162,398 Murfreesboro
22%
192,900 Paradise
19%
126,949 Pearland
19%
137,221 Victorville
19%
133,820 Carrollton
16%
144,600 Metairie
16%
153,091 Sunnyvale
16%
237,000 Enterprise
13%
209,300 Sunrise Manor
9%
131,215 Lewisville
6%
129,234 Palm Bay
6%
224,000 Spring Valley
6%
No matching quizzes found
Score Distribution
Percent of People with Each Score
Percentile by Number Answered
Your Score History
You have not taken this quiz